Ochrana zájmů spotřebitele pro prezenční formu studia /

Hlavní autor: Sýkorová, Pavla
Korporativní autor: Slezská univerzita. Obchodně podnikatelská fakulta
Jazyk: Čeština
Vydáno: Karviná : Slezská univerzita v Opavě, Obchodně podnikatelská fakulta v Karviné, 2014
Témata:
Externí odkaz: Digitalizovaný dokument
Fyzický popis: 1 CD-ROM
Knihy
Uloženo v:
LEADER 01515nam a2200385 a 4500
001 001452224
003 CZ BrMZK
005 20160503091121.0
006 m||||||||d||||||||
007 co^cg
008 150128s2014 xr e 00| 0 cze
015 |a cnb002633807 
020 |a 978-80-7510-046-7  |q (CDR) 
040 |a BOA001  |b cze 
072 7 |a 366  |x Ochrana spotřebitele. Chování spotřebitele  |2 Konspekt  |9 18 
072 7 |a 37.016  |x Učební osnovy. Vyučovací předměty. Učebnice  |2 Konspekt  |9 22 
080 |a 346.548  |2 MRF 
080 |a 366.54  |2 MRF 
080 |a (075.8)  |2 MRF 
080 |a (0.034.44)  |2 MRF 
100 1 |a Sýkorová, Pavla  |7 ola2014846588  |4 aut 
245 1 0 |a Ochrana zájmů spotřebitele  |h [elektronický zdroj] :  |b pro prezenční formu studia /  |c Pavla Sýkorová 
260 |a Karviná :  |b Slezská univerzita v Opavě, Obchodně podnikatelská fakulta v Karviné,  |c 2014 
300 |a 1 CD-ROM 
500 |a Název z titulní obrazovky 
538 |a Požadavky na systém: Adobe Acrobat Reader 
650 0 7 |a ochrana spotřebitele  |7 ph123665  |2 czenas 
650 0 7 |a spotřebitelská politika  |7 ph124341  |2 czenas 
655 7 |a učebnice vysokých škol  |7 fd133772  |2 czenas 
655 7 |a CD-ROM  |7 fd133955  |2 czenas 
710 2 |a Slezská univerzita.  |b Obchodně podnikatelská fakulta  |7 kn20010709324 
856 4 1 |u http://www.digitalniknihovna.cz/mzk/uuid/uuid:0a337895-9231-40c2-8233-6ded0374e340  |y Digitalizovaný dokument 
910 |a BOA001  |b CDR-1342.035 
990 |a BK 
991 |b 201505  |c NOV  |e n